00518nam a2200157 a 450000100060000000300090000600800410001504000280005608200130008410000190009724501280011626000310024430000150027549000470029065000230033711334CO-ViMGA141112s2004 ck r 000 u spa d aCO-ViMGAbspacCO-ViMGA04a028 A79c1 aAtwood, Beth S10aCómo desarrollar la lectura crítica : bactividades prácticas para desarrollar la comprensión de la palabra escrita aBarcelona : bCeac, c1983 a103 p : il aEducación y enseñanza. Aula práctica14aLECTURA - TECNICAS